000 00384pam a2200157a 44500
008 230515b2014 xxu||||| |||| 00| 0 eng d
020 _aNULL
041 _aENGLISH
082 _a621.815/BAS
100 _aBASU S / PAL D
245 _aDESIGN OF MACHINE TOOLS
250 _a6 TH ED
260 _aNEW DELHI
_bOXFORD UNIVERSITY PRESS
_c2014
300 _aXIV/535PB
650 _aNULL
999 _c665078
_d665078